<?xml version="1.0" encoding="UTF-8"?><?xml-stylesheet type="text/xsl" href="static/style.xsl"?><OAI-PMH xmlns="http://www.openarchives.org/OAI/2.0/" xmlns:xsi="http://www.w3.org/2001/XMLSchema-instance" xsi:schemaLocation="http://www.openarchives.org/OAI/2.0/ http://www.openarchives.org/OAI/2.0/OAI-PMH.xsd"><responseDate>2026-06-05T13:09:37Z</responseDate><request verb="GetRecord" identifier="oai:riuma.uma.es:10630/45876" metadataPrefix="marc">https://riuma.uma.es/rest/oai/request</request><GetRecord><record><header><identifier>oai:riuma.uma.es:10630/45876</identifier><datestamp>2026-03-03T00:46:29Z</datestamp><setSpec>com_10630_2254</setSpec><setSpec>col_10630_37956</setSpec></header><metadata><record xmlns="http://www.loc.gov/MARC21/slim" xmlns:dcterms="http://purl.org/dc/terms/" xmlns:doc="http://www.lyncode.com/xoai" xmlns:xsi="http://www.w3.org/2001/XMLSchema-instance" xsi:schemaLocation="http://www.loc.gov/MARC21/slim http://www.loc.gov/standards/marcxml/schema/MARC21slim.xsd">
   <leader>00925njm 22002777a 4500</leader>
   <datafield ind2=" " ind1=" " tag="042">
      <subfield code="a">dc</subfield>
   </datafield>
   <datafield ind2=" " ind1=" " tag="720">
      <subfield code="a">Hurtado-Suárez, María Inmaculada</subfield>
      <subfield code="e">author</subfield>
   </datafield>
   <datafield ind2=" " ind1=" " tag="260">
      <subfield code="c">2021</subfield>
   </datafield>
   <datafield ind2=" " ind1=" " tag="520">
      <subfield code="a">El capítulo investiga sobre las mujeres artistas en las vanguardias, centrándose en el trabajo de Meret Oppenheim para joyería y ornamento corporal. Se examinan sus diseños en moda y joyería desde una perspectiva de género, destacando su papel crítico dentro del surrealismo. Oppenheim combina originalidad con una reflexión teórica sobre sus piezas, que incluyen un juego conceptual que lleva el arte a la calle de manera crítica. Su obra parodia y subvierte la imaginería erótica y la literatura pornográfica surrealista masculina, mientras reflexiona sobre temas como la opresión de la artista, la represión sexual femenina o el concepto de la mujer-niña en el surrealismo heteropatriarcal.</subfield>
   </datafield>
   <datafield ind1="8" ind2=" " tag="024">
      <subfield code="a">Hurtado Suárez, Inmaculada, "Meret Oppenheim o lo que no es una joya: disidencia política y joyería", Yo somos otras Prácticas de la subjetividad en la creación contemporánea, Universidad de Granada, 2021, pp. 351-376.</subfield>
   </datafield>
   <datafield ind1="8" ind2=" " tag="024">
      <subfield code="a">978-84-338-6854-1</subfield>
   </datafield>
   <datafield ind1="8" ind2=" " tag="024">
      <subfield code="a">https://hdl.handle.net/10630/45876</subfield>
   </datafield>
   <datafield tag="653" ind2=" " ind1=" ">
      <subfield code="a">Joyería - Historia - S. XX</subfield>
   </datafield>
   <datafield ind2="0" ind1="0" tag="245">
      <subfield code="a">Meret Oppenheim o lo que no es una joya: disidencia política y joyería.</subfield>
   </datafield>
</record>
</metadata></record></GetRecord></OAI-PMH>